I Never Won... Quiz Stats

 Plays Quiz not verified by Sporcle

Score 0/15 Timer 05:00
0 Plays Today
Question Answer Wrong Answers
...an acting Oscar: Cary Grant
62.3%
Elizabeth Taylor
17.1%
Denzel Washington
10.1%
Jennifer Lawrence
10.4%
...a Grammy: Bob Marley
60.8%
Bob Dylan
14.7%
Celine Dion
7.4%
Kendrick Lamar
15.6%
...an NBA championship: Charles Barkley
53.3%
Wilt Chamberlain
14.2%
Jerry West
13.6%
Bob Pettit
15.1%
...a Super Bowl: Dan Marino
50.6%
Walter Payton
15%
Jerry Rice
10.5%
Reggie White
20.4%
...a FIFA World Cup: Cristiano Ronaldo
49.7%
Zinedine Zidane
14.1%
Xavi
18.2%
Bobby Moore
17.4%
...a Best Director Oscar: Alfred Hitchcock
47.8%
Francis Coppola
11.6%
Mel Gibson
27%
Steven Spielberg
9.1%
...a science Nobel Prize: Stephen Hawking
46.5%
Marie Curie
11.2%
Albert Einstein
24.8%
Niels Bohr
17.4%
...Time magazine's Person of the Year: Osama bin Laden
37.6%
Donald Trump
21.4%
Adolf Hitler
12.6%
Richard Nixon
25.6%
...a World Series: Barry Bonds
36.3%
Jackie Robinson
21.1%
Cy Young
21.7%
Roberto Clemente
16.6%
...a Stanley Cup: Marcel Dionne
34.2%
Dominik Hasek
26%
Mario Lemieux
21%
Ray Bourque
16.4%
...a Pulitzer Prize for fiction: F. Scott Fitzgerald
33.5%
Harper Lee
25.6%
Norman Mailer
20%
Toni Morrison
16.9%
...a WWE championship: George 'The Animal' Steele
31.7%
André the Giant
27.1%
Vince McMahon
23.6%
The Undertaker
12.9%
...a Cy Young Award: Nolan Ryan
31.5%
Catfish Hunter
24.3%
R.A. Dickey
17.3%
Don Newcombe
22.1%
...a Nobel Peace Prize: Mahatma Gandhi
31.3%
Woodrow Wilson
29.7%
Martin Luther King, Jr.
21.8%
Barack Obama
14.6%
...an acting Emmy: Steve Carell
21.5%
Kevin Costner
37.4%
Lucille Ball
23.2%
Gillian Anderson
13.8%

You're not logged in!

Compare scores with friends on all Sporcle quizzes.
OR
Log In

Show Comments

Extras

Top Quizzes Today


Score Distribution

Your Account Isn't Verified!

In order to create a playlist on Sporcle, you need to verify the email address you used during registration. Go to your Sporcle Settings to finish the process.

Report this User

Report this user for behavior that violates our Community Guidelines.

Details: